Получение диборида тантала электродуговым методом; Перспективы развития фундаментальных наук; Т. 1 : Физика
| Parent link: | Перспективы развития фундаментальных наук=Prospects of Fundamental Sciences Development: сборник научных трудов XXI Международной конференции студентов, аспирантов и молодых ученых, г. Томск, 23-26 апреля 2024 г./ Национальный исследовательский Томский политехнический университет ; под ред. И. А. Курзиной [и др.].— .— Томск: Изд-во ТПУ Т. 1 : Физика.— 2024.— С. 190-192 |
|---|---|
| 第一著者: | |
| 団体著者: | |
| その他の著者: | , , |
| 要約: | Заглавие с экрана This paper describes the results of synthesis tantalum diboride using an arc electric discharge using a vacuum-free method. Powdered metal Ta and amorphous B were used as initial raw materials. The phase composition of the resulting material was studied and an analysis of energy consumption was carried out Текстовый файл |
| 言語: | ロシア語 |
| 出版事項: |
2024
|
| 主題: | |
| オンライン・アクセス: | http://earchive.tpu.ru/handle/11683/80575 |
| フォーマット: | 電子媒体 図書の章 |
| KOHA link: | https://koha.lib.tpu.ru/cgi-bin/koha/opac-detail.pl?biblionumber=674418 |
MARC
| LEADER | 00000naa2a2200000 4500 | ||
|---|---|---|---|
| 001 | 674418 | ||
| 005 | 20250805105216.0 | ||
| 090 | |a 674418 | ||
| 100 | |a 20240909d2024 k||y0rusy50 ca | ||
| 101 | 0 | |a rus | |
| 102 | |a RU | ||
| 135 | |a drcn ---uucaa | ||
| 200 | 1 | |a Получение диборида тантала электродуговым методом |d Production of tantalum diboride by electric arc-discharge method |f У. С. Комкина, А. А. Свинухова, А. А. Кузнецова |g науч. рук. А. Я. Пак ; Национальный исследовательский Томский политехнический университет |z eng | |
| 300 | |a Заглавие с экрана | ||
| 320 | |a Список литературы: 9 назв. | ||
| 330 | |a This paper describes the results of synthesis tantalum diboride using an arc electric discharge using a vacuum-free method. Powdered metal Ta and amorphous B were used as initial raw materials. The phase composition of the resulting material was studied and an analysis of energy consumption was carried out | ||
| 336 | |a Текстовый файл | ||
| 461 | 1 | |0 674010 |t Перспективы развития фундаментальных наук |l Prospects of Fundamental Sciences Development |o сборник научных трудов XXI Международной конференции студентов, аспирантов и молодых ученых, г. Томск, 23-26 апреля 2024 г. |9 674010 |c Томск |n Изд-во ТПУ |f Национальный исследовательский Томский политехнический университет ; под ред. И. А. Курзиной [и др.] | |
| 463 | 1 | |0 674235 |t Т. 1 : Физика |v С. 190-192 |d 2024 |9 674235 |u conference_tpu-2024-C21_V1.pdf |l Vol. 1 : Physics | |
| 610 | 1 | |a труды учёных ТПУ | |
| 610 | 1 | |a электронный ресурс | |
| 610 | 1 | |a диборид тантала | |
| 610 | 1 | |a электрические разряды | |
| 610 | 1 | |a металлы | |
| 610 | 1 | |a электродуговые плазменные методы | |
| 610 | 1 | |a безвакуумные методы | |
| 700 | 1 | |a Комкина |b У. С. |c специалист в области энергетики |c инженер-исследователь Томского политехнического университета |f 1998- |g Ульяна Сергеевна |9 88522 | |
| 701 | 1 | |a Свинухова |b А. А. |c специалист в области электроэнергетики |c инженер Томского политехнического университета |f 1999- |g Арина Андреевна |9 88532 | |
| 701 | 1 | |a Кузнецова |b А. А. |c физик-ядерщик |c инженер Томского политехнического университета |f 2002- |g Анастасия Андреевна |9 88506 | |
| 702 | 1 | |a Пак |b А. Я. |c специалист в области электротехники |c профессор Томского политехнического университета, доктор технических наук |f 1986- |g Александр Яковлевич |4 727 | |
| 712 | 0 | 2 | |a Национальный исследовательский Томский политехнический университет |c (2009- ) |9 26305 |4 570 |
| 801 | 0 | |a RU |b 63413507 |c 20240909 |g RCR | |
| 850 | |a 63413507 | ||
| 856 | 4 | |z http://earchive.tpu.ru/handle/11683/80575 |u http://earchive.tpu.ru/handle/11683/80575 | |
| 942 | |c CF | ||